[Event "AUTO-ELITE-2595"]
[Site "http://www.queenalice.com/game.php?id=1863427"]
[Date "2025.9.27"]
[Round "1"]
[White "tucuman10"]
[Black "Sexxy_Bunny"]
[Result "0-1"]
[WhiteElo "2306"]
[BlackElo "2635"]

1. d4 Nf6 2. Nf3 d5 3. c4 e6 4. e3 c6 5. Nc3 Nbd7 6. Be2 Bd6 7. Qc2 O-O 8. O-O
dxc4 9. Bxc4 b5 10. Bd3 Bb7 11. a3 Rc8 12. Rd1 c5 13. Bxb5 Bxf3 14. gxf3 cxd4
15. Rxd4 Nd5 16. f4 N7f6 17. Rc4 Rxc4 18. Bxc4 Nxc3 19. Qxc3 e5 20. Be2 Re8 21.
Bf3 Qb8 22. Qc4 Rc8 23. Qa6 Rc2 24. Qb7 Qd8 25. Bd1 Rc7 26. Qb3 Rc5 27. Qd3 Qd7
28. Bf3 e4 29. Bxe4 Nxe4 30. Qxe4 Bf8 31. b4 Qd1+ 32. Kg2 Rxc1 33. Rxc1 Qxc1 34.
a4 Qc8 35. h3 g6 36. Kg3 Qb8 37. b5 Bc5 38. Qc6 Bb6 39. Kg4 Qc7 40. Qxc7 Bxc7
41. Kf3 f5 42. e4 Kf7 43. h4 fxe4+ 44. Kxe4 Kf6 45. f5 gxf5+ 46. Kd5 Kg6 0-1

[Event "AUTO-ELITE-2595"]
[Site "http://www.queenalice.com/game.php?id=1863428"]
[Date "2025.9.27"]
[Round "1"]
[White "Sexxy_Bunny"]
[Black "trompmaster"]
[Result "1-0"]
[WhiteElo "2624"]
[BlackElo "2359"]

1. e4 e5 2. Nf3 Nc6 3. Bb5 a6 4. Ba4 Nf6 5. O-O Nxe4 6. d4 b5 7. Bb3 d5 8. dxe5
Be6 9. Nbd2 Nc5 10. c3 Be7 11. Bc2 d4 12. Nb3 d3 13. Bb1 Nxb3 14. axb3 Bf5 15.
Be3 O-O 16. Bd4 Qd5 17. Re1 d2 18. Re2 Bxb1 19. Rxb1 Nxd4 20. Nxd4 Bg5 21. g3 c5
22. Nf5 Qe6 23. Nd6 Qg6 24. h4 Bf4 25. Ne4 Bxe5 26. Qxd2 Bc7 27. Qg5 Bb6 28. c4
b4 29. Rd1 Rfd8 30. Rd5 Rxd5 31. Qxd5 Rd8 32. Ng5 Qf6 33. Qd7 g6 34. Qb7 Ba5 35.
Re3 Rf8 36. Ne4 Qd8 37. Nxc5 Qc8 38. Qxc8 Rxc8 39. Nxa6 Ra8 40. Nc5 Bb6 41. Re5
Bxc5 42. Rxc5 Ra2 43. Rb5 Rxb2 44. Rxb4 Rc2 45. Rb5 Kg7 46. c5 Kf6 47. b4 Ke6
48. Kg2 Rc4 49. Rb6+ Kd5 50. Rf6 Rxb4 51. Rxf7 h5 52. Rf6 Kxc5 53. Rxg6 Kd5 54.
Rg5+ Ke6 55. Rxh5 1-0

[Event "AUTO-ELITE-2595"]
[Site "http://www.queenalice.com/game.php?id=1863429"]
[Date "2025.9.27"]
[Round "1"]
[White "trompmaster"]
[Black "Sexxy_Bunny"]
[Result "0-1"]
[WhiteElo "2363"]
[BlackElo "2621"]

1. e4 c5 2. Nf3 d6 3. d4 cxd4 4. Qxd4 Nc6 5. Bb5 Bd7 6. Bxc6 Bxc6 7. Nc3 Nf6 8.
Bg5 e6 9. O-O-O Be7 10. e5 dxe5 11. Nxe5 Qxd4 12. Rxd4 Bxg2 13. Rg1 Bd5 14. Bf4
Rg8 15. Rd3 Rd8 16. Be3 Bd6 17. Ng4 Nxg4 18. Rxg4 f5 19. Rh4 Be7 20. Ra4 Bc6 21.
Rxd8+ Bxd8 22. Rxa7 Bc7 23. h4 f4 24. Bc5 h5 25. Nb5 Bb8 26. Ra8 Kd7 27. Nd4 Bg2
28. Nb5 b6 29. Rxb8 Rxb8 30. Bd6 Ra8 31. Bxf4 Ra4 32. Bg5 Rxa2 33. Nc3 Ra1+ 34.
Kd2 e5 35. f4 exf4 36. Bxf4 Bf3 37. Nb5 Rh1 38. Bg5 Rh2+ 39. Ke3 Bd1 40. c4 Rxb2
41. Nc3 Bb3 42. Kd4 Rc2 43. Be3 Ke6 44. Kd3 Rh2 45. Nb5 Kd7 46. Nd4 Ba2 47. Nf3
Bb1+ 48. Kd4 Rh3 49. Nd2 Bc2 50. Nf1 Ke6 51. c5 bxc5+ 52. Kxc5 Bd3 53. Ng3 Rxg3
54. Kd4 Rxe3 55. Kxe3 Kf5 0-1

[Event "AUTO-ELITE-2566"]
[Site "http://www.queenalice.com/game.php?id=1864985"]
[Date "2025.11.1"]
[Round "2"]
[White "Sexxy_Bunny"]
[Black "trompmaster"]
[Result "1-0"]
[WhiteElo "2601"]
[BlackElo "2350"]

1. e4 c5 2. Nf3 d6 3. d4 cxd4 4. Nxd4 Nf6 5. Nc3 g6 6. Be3 Bg7 7. f3 a6 8. Qd2
h5 9. Bc4 Qc7 10. Bb3 b5 11. O-O-O Bb7 12. Kb1 Nbd7 13. Rhe1 Ne5 14. Bg5 Nc4 15.
Bxc4 bxc4 16. f4 Nh7 17. Bh4 O-O 18. f5 g5 19. Bf2 Rab8 20. Ka1 Qa5 21. Rb1 Rfc8
22. Nde2 g4 23. h3 Nf6 24. Bd4 Nh7 25. hxg4 Bxd4 26. Nxd4 Qe5 27. Nf3 Qg3 28. g5
Qg4 29. Rh1 Bxe4 30. Rh4 Bxf3 31. Rxg4 Bxg4 32. Nd5 Rb7 33. g6 fxg6 34. fxg6 Nf8
35. Rf1 1-0

[Event "AUTO-ELITE-2566"]
[Site "http://www.queenalice.com/game.php?id=1864986"]
[Date "2025.11.1"]
[Round "2"]
[White "trompmaster"]
[Black "Sexxy_Bunny"]
[Result "1/2-1/2"]
[WhiteElo "2342"]
[BlackElo "2606"]

1. e4 c5 2. d4 cxd4 3. c3 dxc3 4. Nxc3 Nc6 5. Nf3 e6 6. Bc4 d6 7. Bf4 a6 8. Bb3
b5 9. O-O Bb7 10. Qe2 Nf6 11. Rfd1 Nd7 12. e5 Ncxe5 13. Nxe5 dxe5 14. Bxe5 Bc5
15. Bxe6 fxe6 16. Bxg7 Ke7 17. Ne4 Qc7 18. Rac1 Rhg8 19. Nxc5 Nxc5 20. Qg4 Rac8
21. b4 h5 22. Qh4+ Ke8 23. Rxc5 Qxg7 24. Rxc8+ Bxc8 25. Rd8+ Kf7 26. Qxh5+ Kf6
27. Qh4+ Kf5 28. Qh3+ Kf6 29. Qh4+ Kf5 30. Qh3+ Kf6 31. Qh4+ 1/2-1/2

[Event "AUTO-ELITE-2597"]
[Site "http://www.queenalice.com/game.php?id=1865013"]
[Date "2025.11.2"]
[Round "1"]
[White "Sexxy_Bunny"]
[Black "JailtonMaster"]
[Result "1-0"]
[WhiteElo "2656"]
[BlackElo "2181"]

1. e4 e5 2. Nf3 Nc6 3. Bb5 a6 4. Ba4 b5 5. Bb3 Nf6 6. O-O Be7 7. Re1 O-O 8. c3
d5 9. exd5 Nxd5 10. Nxe5 Nxe5 11. Rxe5 c6 12. d4 Bd6 13. Re1 Qh4 14. g3 Qh3 15.
Be3 Bg4 16. Qd3 Rae8 17. Nd2 Re6 18. a4 Qh5 19. axb5 axb5 20. Nf1 Bf3 21. Bd1
Bxd1 22. Qxd1 Qh3 23. Qc2 Rfe8 24. Bd2 g6 25. Rxe6 Rxe6 26. c4 bxc4 27. Qxc4 Ne7
28. Bc3 f6 29. Ne3 Kg7 30. Ra7 Kh6 31. Bd2 g5 32. Qd3 f5 33. Rxe7 Bxe7 34. Nxf5+
Kh5 35. d5 Re5 36. Ne3 Kh6 37. Bc3 Rxd5 38. Nxd5 cxd5 39. Qxd5 Qg4 40. Qf7 Qd1+
41. Kg2 Qd5+ 42. Qxd5 1-0

[Event "AUTO-ELITE-2568"]
[Site "http://www.queenalice.com/game.php?id=1865350"]
[Date "2025.11.8"]
[Round "2"]
[White "Sexxy_Bunny"]
[Black "trompmaster"]
[Result "1-0"]
[WhiteElo "2601"]
[BlackElo "2373"]

1. e4 e5 2. Nf3 Nf6 3. Nxe5 Nxe4 4. Qe2 Qe7 5. Qxe4 d6 6. d4 dxe5 7. dxe5 Nc6 8.
Nc3 Qxe5 9. Qxe5+ Nxe5 10. Bf4 Bd6 11. Bg3 Be6 12. Nb5 h5 13. f4 Ng4 14. f5 Bd7
15. Bxd6 cxd6 16. Nc7+ Ke7 17. Nxa8 Rxa8 18. Bd3 Rc8 19. O-O Kf6 20. c3 Re8 21.
Rae1 Re5 22. Rxe5 dxe5 23. Be4 b6 24. Rf3 Nh6 25. Rd3 Ke7 26. c4 Bxf5 27. Bxf5
Nxf5 28. Ra3 Kd6 29. Rxa7 f6 30. b4 Ne3 31. Rxg7 Nxc4 32. Rg6 Ke6 33. Rh6 Ne3
34. a4 Nd5 35. a5 Nxb4 36. axb6 Kd7 37. Rxh5 Kc6 38. h4 Nd5 39. Rf5 Kxb6 40. h5
Kc7 41. h6 Kd6 42. h7 1-0

[Event "AUTO-ELITE-2595"]
[Site "http://www.queenalice.com/game.php?id=1865508"]
[Date "2025.11.13"]
[Round "2"]
[White "Sexxy_Bunny"]
[Black "WoodpusherKid"]
[Result "1/2-1/2"]
[WhiteElo "2616"]
[BlackElo "2557"]

1. e4 e5 2. Nf3 Nc6 3. Bb5 Nf6 4. O-O Nxe4 5. d4 Nd6 6. Bxc6 dxc6 7. dxe5 Nf5 8.
Qxd8+ Kxd8 9. Nc3 Bd7 10. h3 h6 11. b3 c5 12. Bb2 Be6 13. Rad1+ Kc8 14. Nd5 g5
15. c4 Rb8 16. a4 b6 17. Nf6 a6 18. Rfe1 Bg7 19. Nh5 Bf8 20. Nf6 Bg7 21. Nh5 Bf8
22. Nf6 1/2-1/2

[Event "AUTO-ELITE-2595"]
[Site "http://www.queenalice.com/game.php?id=1865509"]
[Date "2025.11.13"]
[Round "2"]
[White "WoodpusherKid"]
[Black "Sexxy_Bunny"]
[Result "1/2-1/2"]
[WhiteElo "2578"]
[BlackElo "2656"]

1. c4 e5 2. g3 Nf6 3. Bg2 d5 4. cxd5 Nxd5 5. Nf3 Nc6 6. O-O Nb6 7. Nc3 Be7 8. b3
O-O 9. Bb2 Re8 10. Rc1 Bf8 11. Ne4 f6 12. Nh4 Rb8 13. f4 f5 14. Ng5 h6 15. Bxc6
bxc6 16. Nh3 e4 17. e3 Qd5 18. Ng6 Bd6 19. Qh5 Qxd2 20. Bd4 Nd5 21. Ne5 Be6 22.
Nc4 Qxa2 23. Ra1 Qxb3 24. Nxd6 cxd6 25. Qg6 Re7 26. Bxg7 Rxg7 27. Qxe6+ Rf7 28.
Qg6+ Rg7 29. Qe6+ Rf7 30. Qg6+ Rg7 31. Qe6+ 1/2-1/2

[Event "AUTO-ELITE-2599"]
[Site "http://www.queenalice.com/game.php?id=1865651"]
[Date "2025.11.16"]
[Round "1"]
[White "Sexxy_Bunny"]
[Black "raulzampronha"]
[Result "1-0"]
[WhiteElo "2653"]
[BlackElo "2231"]

1. e4 c5 2. Nf3 e6 3. d4 cxd4 4. Nxd4 Nc6 5. Nc3 Qc7 6. Be3 a6 7. Qd2 Ne5 8.
O-O-O b5 9. f3 Nf6 10. Kb1 Bb7 11. g4 h6 12. Bf4 d6 13. h4 b4 14. Na4 Be7 15.
Be2 Qa5 16. b3 Nexg4 17. fxg4 Nxe4 18. Qe1 e5 19. Bf3 Nc5 20. Bxb7 Nxb7 21. Nf5
Bf8 22. Bd2 1-0

[Event "AUTO-ELITE-2599"]
[Site "http://www.queenalice.com/game.php?id=1865652"]
[Date "2025.11.16"]
[Round "1"]
[White "raulzampronha"]
[Black "Sexxy_Bunny"]
[Result "0-1"]
[WhiteElo "2230"]
[BlackElo "2654"]

1. e4 c5 2. Nf3 d6 3. d4 cxd4 4. Nxd4 Nf6 5. Nc3 a6 6. Bg5 e6 7. f4 Qb6 8. Qd2
Qxb2 9. Rb1 Qa3 10. f5 Nc6 11. fxe6 fxe6 12. Nxc6 bxc6 13. e5 dxe5 14. Bxf6 gxf6
15. Be2 Qd6 16. Bh5+ Ke7 17. Qc1 Rg8 18. Ne4 Qd4 19. Qa3+ c5 20. Qxc5+ Qxc5 21.
Nxc5 Ra7 22. O-O Rc7 0-1

[Event "AUTO-ELITE-2601"]
[Site "http://www.queenalice.com/game.php?id=1866014"]
[Date "2025.11.22"]
[Round "1"]
[White "Sexxy_Bunny"]
[Black "trompmaster"]
[Result "1-0"]
[WhiteElo "2656"]
[BlackElo "2453"]

1. e4 d6 2. d4 Nf6 3. Nc3 Nbd7 4. Nf3 e5 5. Bc4 Be7 6. O-O O-O 7. Re1 exd4 8.
Nxd4 Ne5 9. Bf1 Re8 10. h3 c6 11. a4 Ng6 12. g3 Bf8 13. Bg2 Bd7 14. Be3 a6 15.
a5 Ne5 16. Bc1 h6 17. f4 Nc4 18. Nb3 Be6 19. Kh2 g6 20. Qd3 d5 21. e5 Bc8 22.
Nd4 Bb4 23. Re2 Nd7 24. Na4 Bxa5 25. b3 Ncxe5 26. fxe5 Nxe5 27. Qd1 Bc7 28. Qe1
f6 29. Ba3 h5 30. Rd1 Bd7 31. Nc5 Qc8 32. Qf1 h4 33. Qxf6 Bd8 34. Qf4 g5 35. Qf1
hxg3+ 36. Kh1 Ng6 37. Rxe8+ Bxe8 38. Re1 Bf7 39. Nf5 Nf4 40. Nh6+ Kg7 41. Nxf7
Kxf7 42. Ne6 Qb8 43. Nxf4 gxf4 44. Qd3 Kg7 45. Bf8+ Kxf8 46. Qf5+ 1-0